000 002840000a22000970004500
100 1 _aPretiz, Paul E.
245 1 0 _aWhere missionaries still needed in Latin America?
300 _aVol. 72, Num. 4 (Octubre-Diciembre, 1996), Página 9
773 0 _tLatin America Evangelist
942 _cANA
999 _c54670
_d54670